000 00352nam a2200145 i 4500
001 bg
100 1 _aNARYSKIN, A. K.
245 0 _aTeorija niskocastotnych sumow /
_cA.K. Naryskin, A.S. Wracew.
260 _aMoskwa,
_c1972.
700 1 _aWRACEW, A. S.
040 _cBPK
041 _apol
942 _cKS
008 s pl f |000 0 pol
999 _c15052
_d15052
856 _uhttp://koha.tu.koszalin.pl/cgi-bin/koha/opac-detail.pl?biblionumber=15052
_yKatalog online BPK